Imperfecciones i erratas manifiestas de la edición auténtica del Código Civil Chileno.

I tiakina i:
Ngā taipitopito rārangi puna kōrero
Kaituhi matua: Amunátegui Reyes, Miguel Luis (autor)
Hōputu: Pukapuka
Reo:Pāniora
I whakaputaina: Santiago, Chile: Imprenta Cervantes, 1894.
Ngā marau:
Ngā Tūtohu: Tāpirihia he Tūtohu
Kāore He Tūtohu, Me noho koe te mea tuatahi ki te tūtohu i tēnei pūkete!

MARC

LEADER 00000nam a2200000 a 4500
001 UCR0637
003 CL-VaPUC
005 20220822114335.0
008 971205e18940000CL |||||||||||||||||spa|d
999 |c 264136  |d 264134 
040 |c Pontificia Universidad Católica de Valparaíso 
082 0 4 |a 346.83 AMU 1894   |2 21 
100 |a Amunátegui Reyes, Miguel Luis  |e autor  |9 342446 
245 1 0 |a Imperfecciones i erratas manifiestas de la edición auténtica del Código Civil Chileno. 
260 |a Santiago, Chile:  |b Imprenta Cervantes,  |c 1894.  
300 |a 1 Tomo.  
500 |a c.2 Tomo primero: Donación Familia Prof. Alejandro Guzmán Brito.  
583 |a last modification  |c 19971205 00:00:00  |k Rodrigo Vera 
650 0 |a Derecho civil  |9 255013 
650 0 |a Código civil  |9 256135 
650 0 |a Jurisprudencia  |9 255952 
650 0 |a Obligaciones   |9 255578 
650 0 |a Derecho chileno  |2 CL-VaPUC  |9 385146 
942 |c BK  |2 ddc  |n 0 
945 |d 19971205 00:00:00  |a cmena 
952 |0 0  |1 0  |2 ddc  |4 0  |5 1  |6 346_830000000000000_AMU_1894  |7 1  |8 C_LRYV  |9 293915  |a FDOBRV  |b BIBDER  |d 2019-11-19  |h v.1  |i 1921142  |l 1  |o 346.83 AMU 1894  |p 1921142  |r 2023-01-25  |s 2020-03-16  |w 2019-11-19  |y BK_X  |k BRV